Juice WRLD Go Hard 2.0 Lyrics - Statistics

General Stats
  • This quiz has been taken 32 times
  • The average score is 226 of 421
Answer Stats
Lyric % Correct
i
100%
go
95%
hard
95%
you
91%
break
86%
heart
86%
my
86%
a
82%
dont
82%
drugs
77%
on
77%
the
77%
for
73%
me
68%
it
64%
to
64%
been
59%
grrah
59%
is
55%
like
55%
same
55%
smokin
55%
and
50%
dope
50%
face
50%
graah
50%
hoes
50%
just
50%
bae
45%
choppa
45%
funny
45%
name
45%
really
45%
saw
45%
smoking
45%
take
45%
then
45%
think
45%
try
45%
was
45%
yeah
45%
your
45%
all
41%
gang
41%
in
41%
make
41%
were
41%
crib
36%
did
36%
from
36%
groupie
36%
heard
36%
rasta
36%
sittin
36%
that
36%
thing
36%
with
36%
brain
32%
had
32%
pain
32%
put
32%
amaze
27%
contain
27%
full
27%
of
27%
phase
27%
racks
27%
away
23%
lame
23%
safety
23%
so
23%
tryna
23%
us
23%
when
23%
get
18%
give
18%
handful
18%
im
18%
out
18%
tain
18%
bus
14%
cant
14%
getaway
14%
itll
14%
its
14%
lean
14%
percs
14%
star
14%
youre
14%
bars
9%
down
9%
dust
9%
feel
9%
goin
9%
got
9%
haha
9%
her
9%
love
9%
rush
9%
takin
9%
tearin
9%
xan
9%
yellow
9%
around
5%
benn
5%
couple
5%
found
5%
grow
5%
home
5%
into
5%
looking
5%
morphine
5%
part
5%
remember
5%
tell
5%
them
5%
turned
5%
until
5%
without
5%
xannies
5%
year
5%
years
5%
alone
0%
codeine
0%
easy
0%
falling
0%
forever
0%
fron
0%
involved
0%
later
0%
losing
0%
numb
0%
one
0%
pour
0%
pull
0%
raq
0%
shit
0%
type
0%
up
0%
No matching quizzes found
Score Distribution
Percent of People with Each Score
Percentile by Number Answered
Your Score History
You have not taken this quiz